[Event "Pavlodar op"]
[Site "Pavlodar"]
[Date "2017.11.21"]
[Round "1"]
[White "Ankudinova, Elena"]
[Black "Kerimov, Tamerlan"]
[Result "1/2-1/2"]
[WhiteElo "2133"]
[BlackElo "1449"]
[PlyCount "136"]
[EventDate "2017.11.21"]
[EventType "swiss"]
[EventRounds "9"]
[EventCountry "KAZ"]
[SourceTitle "EXT 2019"]
[Source "ChessBase"]
[SourceDate "2018.10.10"]
[SourceVersion "1"]
[SourceVersionDate "2018.10.10"]
[SourceQuality "1"]

1. c4 e5 2. g3 Nf6 3. Bg2 d5 4. cxd5 Nxd5 5. Nc3 Be6 6. Nf3 Nc6 7. 0-0 Bc5 8. Nxe5 Bxf2+ 9. Rxf2 Nxe5 10. Nxd5 Bxd5 11. Rf5 f6 12. Qa4+ Bc6 13. Bxc6+ Nxc6 14. d3 Qd4+ 15. Qxd4 Nxd4 16. Rf2 Kf7 17. Bd2 Rhe8 18. Kf1 c6 19. Rc1 Rad8 20. Rc4 Ne6 21. Be3 Nc7 22. Bd2 Ne6 23. Bc3 c5 24. Ra4 a6 25. Rf5 Rd6 26. b4 cxb4 27. Rxb4 b5 28. a4 Nc7 29. axb5 Nxb5 30. Bb2 Rc8 31. g4 Rc2 32. Ke1 Re6 33. Rf2 Rb6 34. g5 Rcc6 35. gxf6 gxf6 36. Rf5 Kg6 37. e4 Rc2 38. h4 Rh2 39. Rf2 Rxh4 40. Rg2+ Kf7 41. Kd2 Rh5 42. Rf2 a5 43. Ra4 Nd6 44. Bxf6 Nxe4+ 45. dxe4 Rxf6 46. Re2 Rc5 47. Kd3 Rd6+ 48. Ke3 Rc3+ 49. Kf4 Rf6+ 50. Ke5 Re6+ 51. Kd4 Rec6 52. Rxa5 Rc1 53. Rf2+ Ke6 54. Rh5 R6c4+ 55. Ke3 R1c3+ 56. Kf4 Rc8 57. Rh6+ Kf7 58. Rxh7+ Kg6 59. Rfh2 Rf8+ 60. Kg4 Kf6 61. Rf2+ Kg6 62. Rxf8 Kxh7 63. Rf1 Kg6 64. e5 Rc4+ 65. Rf4 Rxf4+ 66. Kxf4 Kf7 67. Kf5 Ke7 68. e6 Ke8 1/2-1/2